| 000 | 00748cam a22002533a 4500 | ||
|---|---|---|---|
| 001 | 26139 | ||
| 003 | PGUSA | ||
| 005 | 20140828083549.0 | ||
| 008 | 080728s2008||||xxu|||||s|||||000 | eng d | ||
| 040 |
_aPGUSA _beng |
||
| 042 | _adc | ||
| 050 | 4 | _aQ | |
| 050 | 4 | _aLB | |
| 100 | 1 | _aOntario. Ministry of Education | |
| 245 | 1 | 0 |
_aOntario Teachers' Manuals : _bNature Study _h[electronic resource] / _cOntario. Ministry of Education |
| 260 |
_bProject Gutenberg, _c2008 |
||
| 506 | _aPublic domain in the USA. | ||
| 516 | _aElectronic text | ||
| 653 | _aScience -- Study and teaching (Elementary) -- Ontario | ||
| 653 | _aNature study | ||
| 830 | 0 |
_aProject Gutenberg _v26139 |
|
| 856 | 4 | 0 | _uhttp://www.gutenberg.org/ebooks/26139 |
| 942 | _cEB | ||
| 999 |
_c255394 _d255394 |
||